Green gauge (Record no. 78635)
[ view plain ]
| 000 -LEADER | |
|---|---|
| fixed length control field | 00992cab a22001935a 4500 |
| 001 - CONTROL NUMBER | |
| control field | L137493 |
| 008 - FIXED-LENGTH DATA ELEMENTS--GENERAL INFORMATION | |
| fixed length control field | 070411e20070331xxk f 000 0 eng d |
| 035 ## - SYSTEM CONTROL NUMBER | |
| System control number | (Sirsi) u137493 |
| 041 0# - LANGUAGE CODE | |
| Language code of text/sound track or separate title | eng |
| 100 1# - MAIN ENTRY--PERSONAL NAME | |
| Personal name | Scott, Lucy |
| 245 00 - TITLE STATEMENT | |
| Title | Green gauge |
| 260 ## - PUBLICATION, DISTRIBUTION, ETC. | |
| Date of publication, distribution, etc. | 2007 |
| 490 #0 - SERIES STATEMENT | |
| Series statement | Estates Gazette |
| Volume/sequential designation | (0713) 31 March 2007, 70-73(4) |
| 520 ## - SUMMARY, ETC. | |
| Summary, etc. | Discusses the disagreements between the property industry and the UK government over the application of a green code to all commercial buildings as a means of improving a property's energy efficiency. Notes a recently published report which stated that a majority of developers would be prepared to pay more for greener offices. Considers the involvement of bodies such as the Property Industry Alliance, the Building Research Establishment, the UK Green Building Council and the Department for Communities and Local Government. |
| 590 ## - LOCAL NOTE (RLIN) | |
| Local note | KA |
| 651 #4 - SUBJECT ADDED ENTRY--GEOGRAPHIC NAME | |
| Geographic name | GREAT BRITAIN |
| 690 ## - LOCAL SUBJECT ADDED ENTRY--TOPICAL TERM (OCLC, RLIN) | |
| Topical term or geographic name as entry element | BUILT ENVIRONMENT-SUSTAINABLE CONSTRUCTION |
| 942 ## - ADDED ENTRY ELEMENTS (KOHA) | |
| Suppress in OPAC | 0 |
| Withdrawn status | Lost status | Source of classification or shelving scheme | Damaged status | Not for loan | Home library | Current library | Shelving location | Date acquired | Total Checkouts | Full call number | Barcode | Date last seen | Copy number | Price effective from | Koha item type |
|---|---|---|---|---|---|---|---|---|---|---|---|---|---|---|---|
| Dewey Decimal Classification | London | London | Journal article | 11/04/2007 | L137493 | 137493-1001 | 06/08/2019 | 1 | 06/08/2019 | Journal article |